000 00327nam a22001337a 4500
008 171025b xxu||||| |||| 00| 0 eng d
020 _a9780470018569
041 _aeng
080 _23 ED
_a33
100 _a54
101 _aECO
245 _aESENTIALS MATHEMATICS FOR ECONOMICS AND BUSINESS
_cBRADLEY.T
942 _2udc
_cBK
999 _c35890
_d35890